Detalles MARC
| 000 -LIDER |
| fixed length control field |
01153nam a22003377a 4500 |
| 001 - NÚMERO DE CONTROL |
| Identificador de número de control |
0074 |
| 003 - IDENTIFICACDOR DE NÚMERO DE CONTROL |
| control field |
DO-SdBNP |
| 005 - DATE AND TIME OF LATEST TRANSACTION |
| control field |
20180321130417.0 |
| 007 - CAMPOS FIJOS DE DESCRIPCIÓN FÍSICA |
| fixed length control field |
0074 |
| 008 - ELEMENTOS DE LONGITUD FIJA |
| fixed length control field |
151102b dr 2009 xxu||||| |||| 00| 0 spa d |
| 020 ## - ISBN |
| International Standard Book Number |
9993455326 |
| 040 ## - FUENTE DE CATALOGACIÓN |
| Agencia que crea de manera original el registro |
BPMSU |
| Idioma de catalogación |
spa |
| Agencia que realiza la transcripción |
BPMSU |
| 082 #4 - NÚMERO DE CLASIFICACIÓN DECIMAL DE DEWEY |
| Classification number |
923 .27293 |
| Item number |
D812e, 2009 |
| 100 10 - ASIENTO PRINCIPAL -- NOMBRE PERSONAL |
| Nombre personal |
Balcácer, Juan Daniel |
| 245 ## - MENCIÓN DE TITULO |
| Título |
Duarte para estudiantes / |
| Mención de responsabilidad |
Juan Daniel Balcácer ; editor Tomás Castro Burdiez |
| 250 ## - MENCIÓN DE EDICION |
| Mención de edición |
3a ed. |
| 260 ## - PUBLICACIÓN, DISTRIBUCIÓN, ETC. (PIE DE IMPRENTA) |
| Lugar de publicación, distribución, etc |
Santo Domingo : |
| Nombre del editor, distribuidor, etc. |
Educarte, |
| Fecha de publicación, distribución, etc |
2009 |
| 300 ## - DESCRIPCIÓN FÍSICA |
| Extensión |
40 p. : |
| Dimensiones |
20 cm. |
| 490 10 - MENCIÓN DE SERIES |
| Mención de serie |
Cuadernos educativos y culturales |
| Volume/sequential designation |
10 |
| 490 10 - MENCIÓN DE SERIES |
| Mención de serie |
Independencia nacional. Serie independencia |
| Volume/sequential designation |
10 |
| 500 ## - NOTA GENERAL |
| Nota general |
Incluye datos biográficos y notas al pie de las páginas |
| 600 ## - ENCABEZAMIENTO DE MATERIA--NOMBRE PERSONAL |
| Nombre personal |
DUARTE Y DIEZ, JUAN PABLO |
| Fechas asociadas con el nombre |
1813-1876 |
| 700 10 - ASIENTO SECUNDARIO -- NOMBRE PERSONAL |
| Nombre personal |
Castro Burdiez, Tomás, |
| Mención de responsabilidad |
ed. |
| 710 ## - ASIENTO SECUNDARIO -- NOMBRE CORPORATIVO |
| Nombre corporativo o de jurisdicción |
Fundación para Educación y Arte (República Dominicana) |
| 830 00 - ASIENTO SECUNDARIO DE SERIE--TÍTULO UNIFORME |
| Título uniforme |
Cuadernos educativos y culturales |
| Número de la parte o sección de una obra |
10 |
| Nombre de la parte o sección de una obra |
Independencia |
| 830 00 - ASIENTO SECUNDARIO DE SERIE--TÍTULO UNIFORME |
| Título uniforme |
Independencia nacional |
| 942 ## - ADDED ENTRY ELEMENTS (KOHA) |
| Source of classification or shelving scheme |
Dewey Decimal Classification |
| Koha item type |
Libros |
| 945 ## - INFORMACIÓN DE PROCESAMIENTO LOCAL |
| Información de procesamiento local |
Inventariado / 2018 VM |
| 956 ## - LOCAL ELECTRONIC LOCATION AND ACCESS (OCLC) |
| Nombre de host |
Brenda Tavárez |
| 956 ## - LOCAL ELECTRONIC LOCATION AND ACCESS (OCLC) |
| Nombre de host |
Validado. Control de calidad MFF |